000 00306nam a2200109 a 4500
005 20140513081053.0
008 090911s19uu xx 00 eng d
050 _aKit
_bLIT 1981
245 _aLittle Miss Sing along songs /
_cHangreaves, Roger.
260 _aU.S.A :
_bOttenheimer pub,
_c1981.
999 _c116404
_d116404